Introduction to general relativity / (Record no. 29849)
[ view plain ]
| 000 -LEADER | |
|---|---|
| fixed length control field | 00446 a2200157 4500 |
| 003 - CONTROL NUMBER IDENTIFIER | |
| control field | NUST |
| 005 - DATE AND TIME OF LATEST TRANSACTION | |
| control field | 20180118122912.0 |
| 008 - FIXED-LENGTH DATA ELEMENTS--GENERAL INFORMATION | |
| fixed length control field | 180118b xxu||||| |||| 00| 0 eng d |
| 020 ## - INTERNATIONAL STANDARD BOOK NUMBER | |
| International Standard Book Number | 9812705848 |
| 020 ## - INTERNATIONAL STANDARD BOOK NUMBER | |
| International Standard Book Number | 9789812705846 |
| 082 ## - DEWEY DECIMAL CLASSIFICATION NUMBER | |
| Classification number | 530.11 |
| 100 1# - MAIN ENTRY--PERSONAL NAME | |
| Personal name | Walecka, John Dirk. |
| 9 (RLIN) | 8721 |
| 245 10 - TITLE STATEMENT | |
| Title | Introduction to general relativity / |
| Statement of responsibility, etc. | John Dirk Walecka. |
| 260 ## - PUBLICATION, DISTRIBUTION, ETC. | |
| Place of publication, distribution, etc. | [S.l.] : |
| Name of publisher, distributor, etc. | World Scientific Publishing Company, |
| Date of publication, distribution, etc. | 2007. |
| 300 ## - PHYSICAL DESCRIPTION | |
| Extent | 356 p. ; |
| Dimensions | 23 cm. |
| 700 ## - ADDED ENTRY--PERSONAL NAME | |
| Personal name | Walecka, John Dirk. |
| 9 (RLIN) | 8721 |
| 942 ## - ADDED ENTRY ELEMENTS (KOHA) | |
| Institution code [OBSOLETE] | SNS |
| Koha item type | Book |
| Call number prefix | 530.11 WAL |
| Source of classification or shelving scheme | |
| Withdrawn status | Lost status | Damaged status | Not for loan | Permanent Location | Current Location | Date acquired | Total Checkouts | Full call number | Barcode | Date last seen | Date last checked out | Price effective from | Koha item type | Source of classification or shelving scheme | Shelving location |
|---|---|---|---|---|---|---|---|---|---|---|---|---|---|---|---|
| School of Natural Sciences (SNS) | School of Natural Sciences (SNS) | 05/26/2016 | 2 | 530.11 WAL | SNS0001441 | 01/27/2023 | 08/17/2022 | 05/26/2016 | Book | ||||||
| Not For Loan | School of Natural Sciences (SNS) | School of Natural Sciences (SNS) | 05/26/2016 | 530.11 WAL | SNS0001933 | 05/26/2016 | 05/26/2016 | Book | Reference | ||||||
| School of Natural Sciences (SNS) | School of Natural Sciences (SNS) | 04/25/2017 | 2 | 530.11 WAL | SNS0002085 | 10/02/2025 | 09/29/2025 | 04/25/2017 | Book |
